| 000 | nam a22 7a 4500 | ||
|---|---|---|---|
| 999 |
_c59238 _d59238 |
||
| 005 | 20210311210007.0 | ||
| 008 | 210311b xxu||||| |||| 00| 0 eng d | ||
| 040 | _aANE | ||
| 041 | _aEs | ||
| 100 | _aLuis Gracia Martín | ||
| 245 | _aCritica de las modernas construcciones de una mal llama responsabilidad Penal de la persona jurìdica | ||
| 300 | _a95 p. | ||
| 856 | _uhttp://documentacion.asambleanacional.gob.ec/alfresco/d/d/workspace/SpacesStore/e9409139-20f9-4438-8735-5109cff2e267/Revista%20critica%20de%20las%20modernas%20construcciones%20de%20una%20mal%20llama%20responsabilidad%20Penal%20de%20la%20persona%20jur%c3%acdica.pdf | ||
| 942 |
_2ddc _cBV _zNr. |
||